000 00247nam a2200109Ia 4500
100 _aDesai/Vasant
942 _cBK
245 _aEntrepreneurship and management of small and medium enterprises
260 _b#N/A
546 _aENGLISH
999 _c30132
_d30132